Jaume d'Urgell, el dissortat / (Record no. 39982)

MARC details
000 -LEADER
campo de control de longitud fija 00575nam a2200181 i 4500
001 - NÚMERO DE CONTROL
campo de control 39982
003 - IDENTIFICADOR DE NÚMERO DE CONTROL
campo de control ES-MaACL
005 - FECHA Y HORA DE LA ÚLTIMA TRANSACCIÓN
campo de control 20230906160120.0
007 - CAMPO FIJO DE DESCRIPCIÓN FÍSICA--INFORMACIÓN GENERAL
campo de control de longitud fija t|
008 - DATOS DE LONGITUD FIJA--INFORMACIÓN GENERAL
campo de control de longitud fija 030304s1968 sp ||||1| spa d
100 1# - ENTRADA PRINCIPAL--NOMBRE DE PERSONA
Nombre de persona Carrové i Viola, Domènec (
Fechas asociadas al nombre 1896-1969)
9 (RLIN) 35853
245 10 - MENCIÓN DEL TÍTULO
Título Jaume d'Urgell, el dissortat /
Mención de responsabilidad, etc. Doménec Carrové i Viola.
260 ## - PUBLICACIÓN, DISTRIBUCIÓN, ETC.
Lugar de publicación, distribución, etc. Barcelona :
Nombre del editor, distribuidor, etc. [s.n.,
Fecha de publicación, distribución, etc. 1968] (
Fabricante Gráf. Romeu)
300 ## - DESCRIPCIÓN FÍSICA
Extensión 185 p. :
Otras características físicas il. ;
Dimensiones 25 cm.
600 04 - PUNTO DE ACCESO ADICIONAL DE MATERIA--NOMBRE DE PERSONA
Nombre de persona Jaime
Numeración II
Títulos y otros términos asociados al nombre Conde de Urgel.
9 (RLIN) 65935
651 #4 - PUNTO DE ACCESO ADICIONAL DE MATERIA--NOMBRE GEOGRÁFICO
Nombre geográfico Urgell-
Subdivisión general Historia.
9 (RLIN) 161181
852 ## - LOCALIZACIÓN
Ubicación ES-MaACL
Número de control de estantería C-45536
Sublocalización o colección R.68370
Holdings
Estatus retirado Estado de pérdida Estado de daño No para préstamo Biblioteca de origen Biblioteca actual Ubicación en estantería Fecha de adquisición Fuente de adquisición Total de préstamos Signatura topográfica completa Código de barras Visto por última vez Precio de reemplazo Tipo de ítem Koha
        Biblioteca del Ateneo de Madrid Biblioteca del Ateneo de Madrid Depósito 2 17/01/2008     C-45536 1042099 23/02/2023 23/02/2023 Libro impreso